[Event "Titled Tuesday intern op 16th Aug Late"]
[Site "Chess.com INT"]
[Date "2022.08.16"]
[Round "3"]
[White "Ferreira, Vitor Hugo Vieira"]
[Black "Zeynalov, Farid"]
[Result "1-0"]
[WhiteElo "2128"]
[BlackElo "2358"]
[PlyCount "119"]
[EventDate "2022.08.16"]
[EventType "swiss (blitz)"]
[EventRounds "11"]
[EventCountry "USA"]
[SourceTitle "EXT 2023"]
[Source "ChessBase"]
[SourceDate "2022.10.05"]
[SourceVersion "1"]
[SourceVersionDate "2022.10.05"]
[SourceQuality "1"]

1. d4 Nf6 2. c4 g6 3. Nc3 Bg7 4. e4 d6 5. f3 0-0 6. Be3 Nc6 7. Nge2 a6 8. Qd2 Rb8 9. Nd5 Bd7 10. Nec3 Ne8 11. 0-0-0 e6 12. Nf4 e5 13. dxe5 Nxe5 14. h4 b5 15. cxb5 axb5 16. h5 Nc4 17. Bxc4 bxc4 18. hxg6 hxg6 19. Nfd5 c6 20. Bg5 f6 21. Bh6 cxd5 22. Bxg7 Nxg7 23. Qh6 Kf7 24. Nxd5 Rh8 25. Qf4 Rxh1 26. Rxh1 Be6 27. Nc3 Qb6 28. Qd2 Qc5 29. Rd1 Rd8 30. Ne2 c3 31. Qxc3 Qf2 32. Nd4 Rc8 33. Nc6 Qb6 34. Rxd6 Kg8 35. Ne7+ Kf7 36. Nxc8 Qg1+ 37. Rd1 Qf2 38. Nd6+ Ke7 39. Qc7+ Bd7 40. Nc8+ Kf8 41. Qd8+ Be8 42. Qxf6+ Kg8 43. Ne7+ Kh7 44. Rh1+ Nh5 45. g4 Qg2 46. Qh4 Qxf3 47. gxh5 Qe3+ 48. Kb1 g5 49. Qe1 Qd4 50. Nf5 Qe5 51. Rg1 Bc6 52. Ng3 Qf4 53. Rf1 Qe5 54. Rf7+ Kg8 55. Qf2 Qe8 56. Rf6 Ba4 57. Rg6+ Kh7 58. Qf6 Qd7 59. Rh6+ Kg8 60. Rh8# 1-0

[Event "Titled Tuesday intern op 16th Aug Late"]
[Site "Chess.com INT"]
[Date "2022.08.16"]
[Round "7"]
[White "Sarkar, Justin"]
[Black "Zeynalov, Farid"]
[Result "0-1"]
[WhiteElo "2352"]
[BlackElo "2358"]
[PlyCount "70"]
[EventDate "2022.08.16"]
[EventType "swiss (blitz)"]
[EventRounds "11"]
[EventCountry "USA"]
[SourceTitle "EXT 2023"]
[Source "ChessBase"]
[SourceDate "2022.10.05"]
[SourceVersion "1"]
[SourceVersionDate "2022.10.05"]
[SourceQuality "1"]

1. e4 c5 2. Nf3 d5 3. exd5 Qxd5 4. Nc3 Qd8 5. Bc4 Nf6 6. d4 e6 7. 0-0 cxd4 8. Nxd4 a6 9. Bf4 Be7 10. Nb3 0-0 11. Qf3 Nc6 12. Rad1 Bd7 13. Ne4 Nxe4 14. Qxe4 Qc8 15. Bd6 Bxd6 16. Rxd6 Ne7 17. Bd3 Ng6 18. c4 Bc6 19. Qe3 Qc7 20. c5 Qe7 21. Na5 Rac8 22. Nxc6 Rxc6 23. Rxc6 bxc6 24. Bxa6 Qh4 25. b3 Rd8 26. Bb7 Ne7 27. a4 Qb4 28. Ba6 h6 29. Bc4 Nf5 30. Qe5 Kf8 31. g3 Qd2 32. Qc7 Ne7 33. a5 Rc8 34. Qb6 Qd7 35. a6 Ra8 0-1

[Event "Titled Tuesday intern op 16th Aug Late"]
[Site "Chess.com INT"]
[Date "2022.08.16"]
[Round "4"]
[White "Zeynalov, Farid"]
[Black "Buchenau, Frank"]
[Result "0-1"]
[WhiteElo "2358"]
[BlackElo "2229"]
[PlyCount "72"]
[EventDate "2022.08.16"]
[EventType "swiss (blitz)"]
[EventRounds "11"]
[EventCountry "USA"]
[SourceTitle "EXT 2023"]
[Source "ChessBase"]
[SourceDate "2022.10.05"]
[SourceVersion "1"]
[SourceVersionDate "2022.10.05"]
[SourceQuality "1"]

1. d4 e6 2. c4 Nf6 3. Nf3 b6 4. g3 Bb7 5. Bg2 Be7 6. 0-0 0-0 7. Nc3 Ne4 8. Qc2 Nxc3 9. Qxc3 f5 10. Rd1 Bf6 11. Qc2 Be4 12. Qb3 d6 13. Ne1 Bxg2 14. Nxg2 Nc6 15. e3 Qd7 16. Bd2 e5 17. Bc3 e4 18. Qc2 g5 19. b4 a5 20. b5 Ne7 21. a4 d5 22. c5 Ng6 23. Bb2 f4 24. cxb6 cxb6 25. Qc6 Qxc6 26. bxc6 f3 27. Ne1 Rac8 28. Rdc1 Rf7 29. Ba3 Rfc7 30. Rab1 Rxc6 31. Rxc6 Rxc6 32. Rb5 Be7 33. Bb2 Bb4 34. Kf1 Ne7 35. h3 Kf7 36. g4 Ke6 0-1

[Event "AZE-ch 74th"]
[Site "Baku"]
[Date "2019.01.23"]
[Round "8"]
[White "Zeynalov, Farid"]
[Black "Muradli, Mahammad"]
[Result "0-1"]
[WhiteElo "2344"]
[BlackElo "2432"]
[PlyCount "160"]
[EventDate "2019.01.16"]
[EventType "swiss"]
[EventRounds "9"]
[EventCountry "AZE"]
[SourceTitle "CBM 188 Extra"]
[Source "ChessBase"]
[SourceDate "2019.02.26"]
[SourceVersion "1"]
[SourceVersionDate "2019.02.26"]
[SourceQuality "1"]

1. d4 d6 2. e4 Nf6 3. Nc3 g6 4. f4 Bg7 5. Nf3 0-0 6. Bd3 Na6 7. 0-0 c5 8. d5 Bg4 9. h3 Bxf3 10. Rxf3 Nc7 11. a4 a6 12. a5 Re8 13. f5 Nd7 14. Bg5 c4 15. Bf1 Nb5 16. Kh1 Qc7 17. Qd2 Be5 18. Nd1 f6 19. fxg6 hxg6 20. Bh4 Kg7 21. Bf2 c3 22. Nxc3 Nxc3 23. bxc3 Rec8 24. Be1 Nc5 25. Qe3 b6 26. h4 bxa5 27. g4 Qb6 28. g5 Rh8 29. gxf6+ exf6 30. Bd3 a4 31. Qc1 Rab8 32. Kg2 Qc7 33. Ra3 Qd7 34. Qe3 Rb1 35. Rh3 Qg4+ 36. Bg3 Nxd3 37. Qxd3 Bf4 38. c4 Rd1 39. Qf3 Rd2+ 40. Kg1 Qxh3 41. Bxf4 Qxf3 42. Rxf3 Rxc2 43. Bxd6 Rxh4 44. e5 Rhxc4 45. Rxf6 Rd4 46. Rf1 Rg4+ 47. Kh1 Rc8 48. e6 Rh8+ 49. Bh2 Rgh4 50. Rf7+ Kg8 51. d6 Rxh2+ 52. Kg1 Rh1+ 53. Kg2 R8h2+ 54. Kg3 Rd2 55. d7 Re1 56. e7 Rxd7 57. e8Q+ Rxe8 58. Rxd7 a5 59. Kf4 Ra8 60. Kg5 Ra6 61. Rd4 a3 62. Ra4 Kg7 63. Rxa3 a4 64. Kf4 Kf6 65. Ke4 g5 66. Rf3+ Kg6 67. Ra3 Ra5 68. Kd4 g4 69. Ke3 Kf5 70. Kf2 Ke4 71. Kg3 Kd4 72. Kxg4 Kc4 73. Kf3 Kb4 74. Re3 a3 75. Re4+ Kc3 76. Re3+ Kd2 77. Re2+ Kd1 78. Ra2 Kc1 79. Ke3 Kb1 80. Rd2 a2 0-1

[Event "AZE-ch 74th"]
[Site "Baku"]
[Date "2019.01.18"]
[Round "3"]
[White "Shahaliyev, Ismayil Bahram"]
[Black "Zeynalov, Farid"]
[Result "1/2-1/2"]
[WhiteElo "2389"]
[BlackElo "2344"]
[PlyCount "67"]
[EventDate "2019.01.16"]
[EventType "swiss"]
[EventRounds "9"]
[EventCountry "AZE"]
[SourceTitle "CBM 188 Extra"]
[Source "ChessBase"]
[SourceDate "2019.02.26"]
[SourceVersion "1"]
[SourceVersionDate "2019.02.26"]
[SourceQuality "1"]

1. e4 c5 2. Nf3 d6 3. Bb5+ Nd7 4. c4 Ngf6 5. Nc3 g6 6. 0-0 Bg7 7. Rb1 0-0 8. Qe2 Nb6 9. b4 Bg4 10. h3 Bxf3 11. Qxf3 Nfd7 12. Na4 Ne5 13. Qb3 a6 14. Nxb6 Qxb6 15. Ba4 Qxb4 16. Qxb4 cxb4 17. Rxb4 Nd3 18. Rb3 Nc5 19. Ra3 Bd4 20. Bc2 f5 21. exf5 gxf5 22. Rg3+ Kh8 23. Ba3 Ne6 24. Re1 Rf6 25. Rd3 Be5 26. c5 Nf4 27. Rg3 Ne6 28. Rd3 Nf4 29. Rg3 Ne6 30. cxd6 exd6 31. Rd3 Nf4 32. Rg3 Ne6 33. Rd3 Nf4 34. Rg3 1/2-1/2

[Event "AZE-ch 72nd"]
[Site "Baku"]
[Date "2017.03.12"]
[Round "6"]
[White "Zeynalov, Farid"]
[Black "Suleymanli, Aydin Elshan"]
[Result "1-0"]
[WhiteElo "2317"]
[BlackElo "2390"]
[PlyCount "68"]
[EventDate "2017.03.07"]
[EventType "swiss"]
[EventRounds "9"]
[EventCountry "AZE"]
[SourceTitle "CBM 177 Extra"]
[Source "ChessBase"]
[SourceDate "2017.04.27"]
[SourceVersion "1"]
[SourceVersionDate "2017.04.27"]
[SourceQuality "1"]

1. d4 d5 2. c4 c6 3. cxd5 cxd5 4. Bf4 Nf6 5. e3 Nc6 6. Nc3 a6 7. Bd3 e6 8. Nf3 Bd6 9. Bg3 0-0 10. Ne5 Qc7 11. f4 Ne7 12. 0-0 Bb4 13. Rc1 Qd6 14. Bh4 Nd7 15. a3 Bxc3 16. Rxc3 Nf5 17. Bf2 f6 18. Nf3 Nb6 19. Qc2 g6 20. g4 Ne7 21. Bg3 f5 22. Ne5 Bd7 23. Be1 Rfc8 24. Rxc8+ Rxc8 25. Bb4 Qb8 26. Qg2 Nc6 27. Nxd7 Nxd7 28. gxf5 Nxb4 29. axb4 Nf6 30. fxg6 Rc7 31. Qg5 Qf8 32. Qe5 Rg7 33. f5 exf5 34. Bxf5 Kh8 1-0

[Event "AZE-ch 72nd"]
[Site "Baku"]
[Date "2017.03.10"]
[Round "4"]
[White "Zeynalov, Rashad"]
[Black "Zeynalov, Farid"]
[Result "0-1"]
[WhiteElo "2237"]
[BlackElo "2317"]
[PlyCount "126"]
[EventDate "2017.03.07"]
[EventType "swiss"]
[EventRounds "9"]
[EventCountry "AZE"]
[SourceTitle "CBM 177 Extra"]
[Source "ChessBase"]
[SourceDate "2017.04.27"]
[SourceVersion "1"]
[SourceVersionDate "2017.04.27"]
[SourceQuality "1"]

1. d4 Nf6 2. Bf4 d5 3. e3 e6 4. Nd2 c5 5. c3 Nc6 6. Ngf3 Bd6 7. Bg3 0-0 8. Bd3 b6 9. Ne5 Bb7 10. f4 Ne7 11. Bf2 Ne4 12. Nxe4 dxe4 13. Bc2 cxd4 14. exd4 f6 15. Nc4 Bxf4 16. Qg4 Qc7 17. Be3 Nd5 18. Bxf4 Nxf4 19. 0-0 Qxc4 20. Bb3 Qc6 21. Rxf4 Rae8 22. Raf1 Kh8 23. Qh3 Re7 24. Bc2 Qb5 25. b3 Qe2 26. R4f2 Qa6 27. Re1 Qa3 28. Bxe4 Bxe4 29. Rxe4 Qc1+ 30. Rf1 Qc2 31. Rfe1 Rc7 32. c4 b5 33. R4e2 Qg6 34. Qxe6 bxc4 35. bxc4 Qd3 36. Qd6 Rcc8 37. c5 h6 38. Qf4 Rfd8 39. Rd2 Qc4 40. Red1 Rd5 41. Qf3 Rcd8 42. Qb3 Qa6 43. h3 f5 44. Rc1 Qc6 45. Qf3 Re8 46. Rb1 Kh7 47. Rdb2 Re4 48. Rb7 Qf6 49. Rxa7 Rexd4 50. Qg3 Rd1+ 51. Rxd1 Rxd1+ 52. Kh2 Qd4 53. h4 Qg1+ 54. Kh3 Qh1+ 55. Qh2 Rd3+ 56. g3 Qd1 57. Qf2 Qh1+ 58. Qh2 Qe4 59. Qg2 Qg4+ 60. Kh2 Re3 61. Rxg7+ Qxg7 62. c6 Qe5 63. Kh3 Qe4 0-1

[Event "Baku op"]
[Site "Baku"]
[Date "2014.09.29"]
[Round "8"]
[White "Kowsarinia, Amir"]
[Black "Zeynalov, Farid"]
[Result "1-0"]
[WhiteElo "2331"]
[BlackElo "2277"]
[PlyCount "88"]
[EventDate "2014.09.22"]
[EventType "swiss"]
[EventRounds "9"]
[EventCountry "AZE"]
[SourceTitle "CBM 162 Extra"]
[Source "ChessBase"]
[SourceDate "2014.10.17"]
[SourceVersion "1"]
[SourceVersionDate "2014.10.17"]
[SourceQuality "1"]

1. d4 Nf6 2. c4 e6 3. Nf3 b6 4. g3 Ba6 5. Nbd2 c5 6. Bg2 Bb7 7. 0-0 cxd4 8. Nb3 Be7 9. Nbxd4 0-0 10. Nb5 d6 11. Bf4 Ne4 12. Nd2 Nc5 13. Bxb7 Nxb7 14. Ne4 e5 15. Qd5 Qd7 16. Be3 Nc6 17. Rfd1 Rad8 18. a3 Qc8 19. b4 h6 20. f3 Kh8 21. g4 f5 22. gxf5 Rxf5 23. Kh1 Bf8 24. Rac1 Ne7 25. Qd3 Rh5 26. Bg1 Ng6 27. Nxa7 Qe6 28. Qd5 Qd7 29. Qc6 Qf7 30. Qxb6 Nf4 31. Qf2 Be7 32. Nc6 Bh4 33. Nxd8 Nxd8 34. Qf1 Be7 35. Nxd6 Bxd6 36. Rxd6 Nfe6 37. c5 Qe7 38. Rd2 e4 39. c6 e3 40. Rd7 Qh4 41. c7 Nxc7 42. Rcxc7 Rg5 43. Bxe3 Rh5 44. Bf4 Qxf4 1-0

[Event "Baku op"]
[Site "Baku"]
[Date "2014.09.25"]
[Round "4"]
[White "Manik, Mikulas"]
[Black "Zeynalov, Farid"]
[Result "1/2-1/2"]
[WhiteElo "2385"]
[BlackElo "2277"]
[PlyCount "59"]
[EventDate "2014.09.22"]
[EventType "swiss"]
[EventRounds "9"]
[EventCountry "AZE"]
[SourceTitle "CBM 162 Extra"]
[Source "ChessBase"]
[SourceDate "2014.10.17"]
[SourceVersion "1"]
[SourceVersionDate "2014.10.17"]
[SourceQuality "1"]

1. e4 e6 2. d4 d5 3. Nc3 dxe4 4. Nxe4 Nd7 5. Nf3 Ngf6 6. Nxf6+ Nxf6 7. c3 c5 8. Ne5 a6 9. Be3 Qc7 10. Qa4+ Nd7 11. 0-0-0 cxd4 12. Bxd4 Bd6 13. Nxd7 Bxd7 14. Qc4 Qxc4 15. Bxc4 Bc6 16. Rhe1 0-0 17. g3 Be7 18. Bb6 Rfc8 19. Bb3 a5 20. a3 Bd8 21. Bxd8 Rxd8 22. f4 Kf8 23. g4 Rxd1+ 24. Rxd1 Ke7 25. Re1 Bf3 26. h3 h5 27. gxh5 Rh8 28. Re3 Bxh5 29. f5 b6 30. Kd2 1/2-1/2

[Event "Baku op"]
[Site "Baku"]
[Date "2012.09.26"]
[Round "5"]
[White "Zeynalov, Farid"]
[Black "Pantsulaia, Levan"]
[Result "1-0"]
[WhiteElo "2305"]
[BlackElo "2575"]
[PlyCount "77"]
[EventDate "2012.09.22"]
[EventType "swiss"]
[EventRounds "9"]
[EventCountry "AZE"]
[SourceTitle "CBM 150 Extra"]
[Source "ChessBase"]
[SourceDate "2012.10.19"]
[SourceVersion "1"]
[SourceVersionDate "2012.10.19"]
[SourceQuality "1"]

1. c4 c5 2. g3 Nf6 3. Bg2 d5 4. cxd5 Nxd5 5. Nf3 Nc6 6. Nc3 Nc7 7. d3 e5 8. 0-0 Be7 9. Nd2 Bd7 10. Nc4 0-0 11. Bxc6 Bxc6 12. Nxe5 Be8 13. Be3 Nd5 14. Qb3 Nxe3 15. fxe3 Bg5 16. Nd5 Qd6 17. Rf5 h6 18. Raf1 b5 19. Nf4 Kh7 20. Nf3 Be7 21. Nd5 f6 22. e4 Bd7 23. Nh4 Bd8 24. R5f2 Rc8 25. Nf5 Qe5 26. Qc3 Qe6 27. Qd2 Bc6 28. Nde3 Rf7 29. Rf4 g5 30. R4f2 h5 31. h4 Qe5 32. hxg5 fxg5 33. Ng4 Qe6 34. Rh2 Kg6 35. e3 Rh7 36. Qc3 b4 37. Ne5+ Kf6 38. Nd4+ Kxe5 39. Qxc5+ 1-0

[Event "Baku op"]
[Site "Baku"]
[Date "2012.09.22"]
[Round "1"]
[White "Zeynalov, Farid"]
[Black "Guseinov, Gadir"]
[Result "0-1"]
[WhiteElo "2305"]
[BlackElo "2613"]
[PlyCount "108"]
[EventDate "2012.09.22"]
[EventType "swiss"]
[EventRounds "9"]
[EventCountry "AZE"]
[SourceTitle "CBM 150 Extra"]
[Source "ChessBase"]
[SourceDate "2012.10.19"]
[SourceVersion "1"]
[SourceVersionDate "2012.10.19"]
[SourceQuality "1"]

1. d4 g6 2. e4 Bg7 3. Nf3 d6 4. Bc4 c6 5. a4 Nf6 6. e5 dxe5 7. Nxe5 0-0 8. 0-0 Nbd7 9. Nf3 b6 10. Qe2 Bb7 11. Rd1 Qc7 12. Nc3 e6 13. Ba6 Bxa6 14. Qxa6 Rfe8 15. Qc4 Rac8 16. Bg5 Nh5 17. Ne4 h6 18. Be3 f5 19. Nc3 Nhf6 20. Re1 Nd5 21. Bd2 Qd6 22. Qb3 Kh7 23. Nxd5 exd5 24. a5 Re4 25. axb6 axb6 26. c3 Rce8 27. Qc2 Kh8 28. g3 g5 29. Qd3 Qe6 30. Qf1 f4 31. gxf4 gxf4 32. Kh1 Bf6 33. Ng1 f3 34. Qd3 c5 35. dxc5 Ne5 36. Qf1 bxc5 37. Rxe4 dxe4 38. Bxh6 Nd3 39. Be3 c4 40. Ra5 Kg7 41. Nh3 Qg4 42. Bd4 Bxd4 43. Rg5+ Qxg5 44. Nxg5 Nxf2+ 45. Kg1 Nh3+ 46. Kh1 Nxg5 47. cxd4 e3 48. Qg1 Kf6 49. h4 Ne4 50. h5 Ng5 51. Qg3 Kf5 52. Qc7 e2 53. Qd7+ Re6 54. Qd5+ Kg4 0-1

[Event "Poti Aleksandria Cup 7th"]
[Site "Poti"]
[Date "2012.07.20"]
[Round "9"]
[White "Gavasheli, Ana"]
[Black "Zeynalov, Farid"]
[Result "1-0"]
[WhiteElo "2134"]
[BlackElo "2325"]
[PlyCount "87"]
[EventDate "2012.07.14"]
[EventType "swiss"]
[EventRounds "9"]
[EventCountry "GEO"]
[SourceTitle "CBM 149 Extra"]
[Source "ChessBase"]
[SourceDate "2012.08.24"]
[SourceVersion "1"]
[SourceVersionDate "2012.08.24"]
[SourceQuality "1"]

1. Nf3 Nf6 2. g3 d5 3. Bg2 c6 4. c4 e6 5. 0-0 Nbd7 6. d3 Bd6 7. Re1 0-0 8. e4 dxe4 9. dxe4 Ne5 10. Qe2 Nxf3+ 11. Bxf3 e5 12. Bg5 h6 13. Be3 Qe7 14. a3 Bc5 15. Bxc5 Qxc5 16. b4 Qd4 17. Nd2 Be6 18. Rec1 Rad8 19. Nb3 Qd3 20. Nc5 Qxe2 21. Bxe2 Rd2 22. Kf1 b6 23. Nxe6 fxe6 24. Ke1 Rd4 25. f3 g5 26. c5 Rc8 27. Rc4 g4 28. f4 bxc5 29. fxe5 Nxe4 30. Bxg4 Kf7 31. Rac1 Ke7 32. bxc5 Rcd8 33. Rxd4 Rxd4 34. Bf3 Kd7 35. Ke2 Ng5 36. Rc3 Kc7 37. Ke3 Ra4 38. g4 Nh3 39. Bd1 Rf4 40. Bb3 Rxg4 41. Bxe6 Rh4 42. Rd3 Ng5 43. Rd7+ Kc8 44. Rd4+ 1-0

[Event "Poti Aleksandria Cup 7th"]
[Site "Poti"]
[Date "2012.07.17"]
[Round "5"]
[White "Choladze, Mariam"]
[Black "Zeynalov, Farid"]
[Result "0-1"]
[WhiteElo "1872"]
[BlackElo "2325"]
[PlyCount "72"]
[EventDate "2012.07.14"]
[EventType "swiss"]
[EventRounds "9"]
[EventCountry "GEO"]
[SourceTitle "CBM 149 Extra"]
[Source "ChessBase"]
[SourceDate "2012.08.24"]
[SourceVersion "1"]
[SourceVersionDate "2012.08.24"]
[SourceQuality "1"]

1. e4 g6 2. d4 Bg7 3. Nc3 d6 4. f4 Nf6 5. Nf3 0-0 6. Bd3 c5 7. e5 dxe5 8. dxe5 Nd5 9. Bd2 Nc6 10. 0-0 Rb8 11. Qe2 Ndb4 12. Be4 Nd4 13. Nxd4 cxd4 14. Nb5 Nc6 15. Qf2 f6 16. Bxc6 bxc6 17. Nxd4 Rxb2 18. Nxc6 Qd7 19. Bc3 Rb6 20. exf6 exf6 21. Nxa7 Re6 22. Nxc8 Rxc8 23. Bd4 Bf8 24. c3 Rec6 25. Rfd1 Rd8 26. Qf3 Qd5 27. Qxd5+ Rxd5 28. Rdb1 Bd6 29. g3 Kf7 30. a4 Bc5 31. Rb7+ Ke6 32. Rxh7 Rxd4 33. Kf1 Rd2 34. a5 Kf5 35. a6 Rf2+ 36. Ke1 Re6+ 0-1

[Event "Baku op"]
[Site "Baku"]
[Date "2010.08.26"]
[Round "4"]
[White "Zeynalov, Farid"]
[Black "Khelaia, Giorgi"]
[Result "1-0"]
[WhiteElo "2328"]
[BlackElo "2115"]
[PlyCount "73"]
[EventDate "2010.08.23"]
[EventType "swiss"]
[EventRounds "9"]
[EventCountry "AZE"]
[SourceTitle "CBM 138 Extra"]
[Source "ChessBase"]
[SourceDate "2010.10.29"]
[SourceVersion "1"]
[SourceVersionDate "2010.10.29"]
[SourceQuality "1"]

1. d4 g6 2. e4 Bg7 3. Nf3 d6 4. Nc3 Bg4 5. Be3 Nc6 6. Bb5 a6 7. Ba4 Bd7 8. h3 e5 9. a3 exd4 10. Nxd4 Nf6 11. 0-0 0-0 12. Nde2 Re8 13. Ng3 Qc8 14. f4 Bxh3 15. gxh3 Qxh3 16. Rf3 Ng4 17. Nf1 Nxe3 18. Nxe3 Qh4 19. Ng2 Qh5 20. Bxc6 bxc6 21. Rd3 Qc5+ 22. Kf1 Rab8 23. Qf3 d5 24. e5 f6 25. b4 Qf8 26. exf6 Qxf6 27. Re1 Rxe1+ 28. Kxe1 Re8+ 29. Kd2 Qf8 30. Qg4 h5 31. Qh4 Qf5 32. Ne2 Bf6 33. Qg3 g5 34. Nh4 Qe4 35. Re3 Qc4 36. fxg5 Bg7 37. Ng6 1-0

[Event "Tbilisi Cup"]
[Site "Tbilisi"]
[Date "2010.05.23"]
[Round "9"]
[White "Melia, Salome"]
[Black "Zeynalov, Farid"]
[Result "1-0"]
[WhiteElo "2466"]
[BlackElo "2320"]
[PlyCount "121"]
[EventDate "2010.05.15"]
[EventType "swiss"]
[EventRounds "9"]
[EventCountry "GEO"]
[SourceTitle "CBM 136 Extra"]
[Source "ChessBase"]
[SourceDate "2010.07.02"]
[SourceVersion "2"]
[SourceVersionDate "2010.07.15"]
[SourceQuality "1"]

1. e4 e6 2. d4 d5 3. Nd2 c5 4. exd5 Qxd5 5. Ngf3 cxd4 6. Bc4 Qd6 7. 0-0 Nf6 8. Nb3 Nc6 9. Nbxd4 Nxd4 10. Nxd4 a6 11. Re1 Qc7 12. Bb3 Bd6 13. h3 0-0 14. Bg5 e5 15. Nf3 Kh8 16. c3 Ng8 17. Nh4 g6 18. Nf3 f6 19. Be3 Ne7 20. Nd2 Nf5 21. Nc4 Bc5 22. Bxc5 Qxc5 23. Nd2 Bd7 24. Ne4 Qc7 25. Qe2 Bb5 26. Qf3 Bc6 27. Rad1 Ng7 28. Qe2 Qe7 29. Qe3 f5 30. Nd6 e4 31. Qd4 h6 32. f3 Kh7 33. Bd5 Qg5 34. Bxc6 bxc6 35. Qe3 Qxe3+ 36. Rxe3 Rad8 37. Ree1 exf3 38. gxf3 Rd7 39. Nc4 Rfd8 40. Rxd7 Rxd7 41. Kf2 f4 42. Re4 g5 43. Re5 Kg6 44. Rc5 Kh5 45. Rxc6 Nf5 46. Rxa6 Kh4 47. Rf6 Rd5 48. Re6 Rd1 49. Rf6 Rd5 50. a4 h5 51. a5 Ne3 52. Nxe3 Rd2+ 53. Ke1 fxe3 54. b4 Kxh3 55. Rf5 Kg3 56. a6 h4 57. a7 Rd8 58. Ke2 Rg8 59. Rxg5+ Rxg5 60. a8Q h3 61. f4 1-0

[Event "Baku op"]
[Site "Baku"]
[Date "2009.09.23"]
[Round "3"]
[White "Zeynalov, Farid"]
[Black "Ibrahimov, Rasul"]
[Result "1/2-1/2"]
[WhiteElo "2312"]
[BlackElo "2553"]
[PlyCount "36"]
[EventDate "2009.09.21"]
[EventType "swiss"]
[EventRounds "9"]
[EventCountry "AZE"]
[SourceTitle "CBM 132 Extra"]
[Source "ChessBase"]
[SourceDate "2009.11.03"]
[SourceVersion "1"]
[SourceVersionDate "2009.11.03"]
[SourceQuality "1"]

1. Nf3 Nf6 2. d4 e6 3. c4 b6 4. g3 Bb4+ 5. Bd2 Be7 6. Nc3 Bb7 7. Bg2 c6 8. 0-0 d5 9. Bf4 0-0 10. Ne5 Nbd7 11. cxd5 cxd5 12. Rc1 a6 13. Nxd7 Nxd7 14. Bc7 Qe8 15. e4 Rc8 16. Na4 b5 17. Nc3 Ra8 18. Bb6 Rc8 1/2-1/2

[Event "Fajr op 16th"]
[Site "Urmia"]
[Date "2008.02.09"]
[Round "11"]
[White "Pantsulaia, Levan"]
[Black "Zeynalov, Farid"]
[Result "1-0"]
[WhiteElo "2629"]
[BlackElo "2269"]
[PlyCount "69"]
[EventDate "2008.02.03"]
[EventType "swiss"]
[EventRounds "11"]
[EventCountry "IRI"]
[SourceTitle "CBM 122 Extra"]
[Source "ChessBase"]
[SourceDate "2008.03.04"]
[SourceVersion "1"]
[SourceVersionDate "2008.03.04"]
[SourceQuality "1"]

1. Nf3 d5 2. c4 c6 3. g3 Nf6 4. Bg2 Bg4 5. Ne5 Bf5 6. cxd5 cxd5 7. Nc3 Nc6 8. Nxc6 bxc6 9. d3 e6 10. 0-0 Be7 11. Qa4 Qd7 12. e4 Bg6 13. f4 d4 14. Nb1 Rc8 15. h3 h5 16. Nd2 c5 17. Qd1 Bd8 18. Nc4 Bc7 19. Qf3 0-0 20. Bd2 Ne8 21. b4 f5 22. exf5 Rxf5 23. g4 hxg4 24. hxg4 Rf7 25. bxc5 Qb5 26. Qe2 Nf6 27. g5 Nh5 28. Qxe6 Bf5 29. Qd5 Bxd3 30. Nd6 Bxd6 31. cxd6 Bxf1 32. g6 Qe2 33. gxf7+ Kh7 34. Rxf1 Ng3 35. Qf3 1-0

[Event "Baku President's Cup 1st"]
[Site "Baku"]
[Date "2006.05.08"]
[Round "5"]
[White "Zeynalov, Farid"]
[Black "Kekelidze, Mikheil"]
[Result "1-0"]
[WhiteElo "2280"]
[BlackElo "2520"]
[PlyCount "131"]
[EventDate "2006.05.03"]
[EventType "swiss"]
[EventRounds "9"]
[EventCountry "AZE"]
[SourceTitle "CBM 112 Extra"]
[Source "ChessBase"]
[SourceDate "2006.07.14"]
[SourceVersion "1"]
[SourceVersionDate "2006.07.14"]
[SourceQuality "1"]

1. Nf3 c5 2. c4 g6 3. g3 Bg7 4. Bg2 Nc6 5. Nc3 d6 6. d3 e6 7. e4 Nge7 8. Be3 Nd4 9. Qd2 Nec6 10. 0-0 0-0 11. Bh6 Nxf3+ 12. Bxf3 Ne5 13. Be2 Bxh6 14. Qxh6 f5 15. Qe3 Bd7 16. Rad1 Nc6 17. Nb5 Qe7 18. d4 a6 19. dxc5 axb5 20. cxb5 f4 21. gxf4 Na7 22. Rxd6 Bxb5 23. Bxb5 Nxb5 24. Rb6 Na7 25. Qb3 Nc6 26. Rxb7 Qf6 27. Qh3 Rf7 28. Rb6 Nd4 29. Qe3 Rd8 30. Rd1 Rfd7 31. Rd6 Rxd6 32. cxd6 e5 33. fxe5 Nf3+ 34. Kg2 Nxe5 35. h3 Rxd6 36. Rxd6 Qxd6 37. Qb3+ Kg7 38. Qc3 Kf7 39. Qb3+ Kg7 40. Qc3 Kf7 41. Qb3+ Ke7 42. Qg3 Qd4 43. Qh4+ Ke6 44. Qxh7 Qxe4+ 45. Kf1 Qb1+ 46. Kg2 Qxb2 47. Qg8+ Kf5 48. Qf8+ Ke4 49. Qa8+ Kd4 50. a4 Qc1 51. Qd8+ Ke4 52. a5 Qc6 53. Qb6 Qd5 54. Kg3 Kf5 55. a6 Qf3+ 56. Kh2 Qf4+ 57. Kg2 Qe4+ 58. Kg3 g5 59. a7 Qf3+ 60. Kh2 g4 61. Qc5 g3+ 62. Kg1 Kg6 63. Qc2+ Nd3 64. fxg3 Qe3+ 65. Kh2 Qf3 66. Qg2 1-0

[Event "Baku President's Cup 1st"]
[Site "Baku"]
[Date "2006.05.05"]
[Round "2"]
[White "Shanava, Konstantine"]
[Black "Zeynalov, Farid"]
[Result "1-0"]
[WhiteElo "2484"]
[BlackElo "2280"]
[PlyCount "96"]
[EventDate "2006.05.03"]
[EventType "swiss"]
[EventRounds "9"]
[EventCountry "AZE"]
[SourceTitle "CBM 112 Extra"]
[Source "ChessBase"]
[SourceDate "2006.07.14"]
[SourceVersion "1"]
[SourceVersionDate "2006.07.14"]
[SourceQuality "1"]

1. e4 e6 2. d4 d5 3. Nd2 dxe4 4. Nxe4 Nd7 5. Nf3 Ngf6 6. Nxf6+ Nxf6 7. Bc4 Be7 8. 0-0 0-0 9. Bf4 b6 10. Qe2 Bb7 11. Rad1 Nd5 12. Bg3 Bd6 13. Ne5 Qe7 14. Bb3 c5 15. c4 Nf6 16. Bh4 Qc7 17. Bc2 Nd7 18. Ng4 f5 19. Qxe6+ Rf7 20. Ne5 Nxe5 21. dxe5 Bxe5 22. Rfe1 Bd4 23. Ba4 Qc8 24. Qxc8+ Rxc8 25. Be8 Rf8 26. Bd7 Rc7 27. Re7 Bc8 28. Be6+ Bxe6 29. Rxc7 Bxb2 30. Rxa7 Bxc4 31. Bd8 b5 32. Be7 Rc8 33. Bxc5 h6 34. Bb6 Bf6 35. h3 Be2 36. Re1 Rc2 37. Be3 Bc4 38. a3 Kh7 39. Rd1 Be2 40. Rd2 Rxd2 41. Bxd2 Kg6 42. Rc7 Be5 43. Rc6+ Kf7 44. Bc3 Bf4 45. Bb2 h5 46. g3 Bh6 47. Bc1 Bxc1 48. Rxc1 Ke6 1-0